[Event "Toronto Closed"]
[Site "Toronto CAN"]
[Date "2009.03.17"]
[Round "8"]
[White "Henry, Liam"]
[Black "Shebetah, Wajdy"]
[Result "1-0"]
[WhiteElo "2242"]
[BlackElo "2251"]
[PlyCount "89"]
[GameId "2160767910264893"]
[EventDate "2009.02.02"]
[EventType "tourn"]
[EventRounds "9"]
[EventCountry "CAN"]

1. e4 g6 2. d4 Bg7 3. Nc3 c6 4. f4 Qb6 5. Nf3 d5 6. e5 Bg4 7. Na4 Qa5+ 8. Qd2 Qxd2+ 9. Nxd2 Nd7 10. Bd3 Nh6 11. b3 Bf5 12. Bxf5 Nxf5 13. Nf3 e6 14. g4 Ne7 15. h3 b5 16. Nc3 h5 17. Rg1 hxg4 18. hxg4 Rh3 19. Kf2 a5 20. a4 b4 21. Ne2 c5 22. Kg2 Rh8 23. dxc5 Nxc5 24. Be3 Ne4 25. Ng3 Nxg3 26. Kxg3 Rc8 27. Rac1 Nc6 28. c3 bxc3 29. Rxc3 Kd7 30. Rgc1 f6 31. exf6 Bxf6 32. R3c2 Nb4 33. Rxc8 Rxc8 34. Rxc8 Kxc8 35. g5 Bc3 36. Kf2 Nc2 37. Ke2 Na1 38. Bd4 Bxd4 39. Nxd4 Kd7 40. Kd2 Kd6 41. Kc3 e5 42. fxe5+ Kxe5 43. Nc6+ Kf5 44. Nxa5 Kxg5 45. Nc6 1-0

[Event "Toronto Closed"]
[Site "Toronto CAN"]
[Date "2009.03.31"]
[Round "9"]
[White "Shebetah, Wajdy"]
[Black "Sapozhnikov, Roman"]
[Result "1/2-1/2"]
[WhiteElo "2251"]
[BlackElo "2274"]
[PlyCount "99"]
[GameId "2160767910264894"]
[EventDate "2009.02.02"]
[EventType "tourn"]
[EventRounds "9"]
[EventCountry "CAN"]

1. d4 Nf6 2. Bf4 d5 3. e3 c5 4. c3 Nc6 5. Nd2 Bf5 6. Ngf3 Qb6 7. Qb3 c4 8. Qxb6 axb6 9. a3 b5 10. Rc1 h6 11. h3 e6 12. Be2 Kd7 13. Ne5+ Nxe5 14. Bxe5 Ne4 15. Nxe4 Bxe4 16. O-O f6 17. Bg3 Bd6 18. Bxd6 Kxd6 19. f3 Bg6 20. Bd1 e5 21. Bc2 Bxc2 22. Rxc2 Rhe8 23. Kf2 Re7 24. Rd2 Kc6 25. e4 dxe4 26. d5+ Kd6 27. fxe4 Rf8 28. Ke3 h5 29. g4 hxg4 30. hxg4 Rh8 31. Rg2 Rh3+ 32. Rf3 Rh8 33. g5 Rf7 34. Rgf2 Ke7 35. Rg3 Kd6 36. gxf6 gxf6 37. Rg6 Ke7 38. Rfg2 Rh3+ 39. Ke2 Rh4 40. R6g4 Rh1 41. Rg8 Rb1 42. Ke3 Re1+ 43. Re2 Rh1 44. Ra8 Rg7 45. Ra5 Rg3+ 46. Kd2 Rd3+ 47. Kc2 Rdd1 48. Rxb5 Rc1+ 49. Kd2 Rcd1+ 50. Kc2 1/2-1/2

[Event "Toronto-A2"]
[Site "Toronto"]
[Date "2009.01.27"]
[Round "1"]
[White "Derraugh, Geordie"]
[Black "Calugar, Arthur"]
[Result "1/2-1/2"]
[WhiteElo "2090"]
[BlackElo "2226"]
[PlyCount "151"]
[GameId "2160767910264943"]
[EventDate "2009.01.27"]
[EventType "tourn"]
[EventRounds "9"]
[EventCountry "CAN"]
[SourceTitle "EXT 2011"]
[Source "ChessBase"]
[SourceDate "2011.11.26"]
[SourceVersion "1"]
[SourceVersionDate "2011.11.26"]
[SourceQuality "1"]

1. e4 c5 2. Nf3 Nc6 3. Bb5 g6 4. Bxc6 dxc6 5. d3 Bg7 6. h3 Nf6 7. Nc3 Nd7 8. Be3 e5 9. Qd2 Qe7 10. O-O-O Nf8 11. Kb1 Ne6 12. Bh6 f6 13. Bxg7 Qxg7 14. Ne2 O-O 15. Nh2 Nd4 16. c3 Nxe2 17. Qxe2 Be6 18. Ng4 b5 19. g3 Rae8 20. f3 c4 21. d4 exd4 22. Rxd4 f5 23. Nf2 fxe4 24. fxe4 c5 25. Rd2 Qe5 26. Qe3 Rf7 27. Rhd1 Ref8 28. g4 Rf3 29. Qh6 Qg7 30. Qxg7+ Kxg7 31. Rd6 Rxf2 32. Rxe6 Re2 33. g5 Rff2 34. Re7+ Kf8 35. Rxa7 Rxb2+ 36. Ka1 Ke8 37. Rb1 Rxb1+ 38. Kxb1 Rf7 39. Ra5 Rb7 40. Kc2 Kd7 41. a4 bxa4 42. Rxc5 Ra7 43. Rxc4 a3 44. Kb1 a2+ 45. Ka1 Ke6 46. Rc5 Kd6 47. Rd5+ Ke6 48. h4 Ra4 49. Rd4 Ra3 50. Rc4 Kd7 51. e5 Ra7 52. Re4 Ke6 53. Re2 Ra4 54. Rh2 Kxe5 55. h5 Kf5 56. hxg6 hxg6 57. Rxa2 Rxa2+ 58. Kxa2 Kxg5 59. Kb3 Kf4 60. c4 Ke5 61. Kc3 Ke4 62. c5 Kd5 63. Kd3 Kxc5 64. Ke4 Kd6 65. Kf4 Ke6 66. Kg5 Kf7 67. Kg4 Kf6 68. Kf4 g5+ 69. Kg4 Kg6 70. Kg3 Kf5 71. Kf3 g4+ 72. Kg3 Kg5 73. Kg2 Kf4 74. Kf2 g3+ 75. Kg2 Kg4 76. Kg1 1/2-1/2

[Event "Toronto-A2"]
[Site "Toronto"]
[Date "2009.01.27"]
[Round "1"]
[White "Frilles, Ruperto"]
[Black "Gusev, Nikita"]
[Result "1/2-1/2"]
[WhiteElo "2096"]
[BlackElo "2051"]
[PlyCount "94"]
[GameId "2160767910264944"]
[EventDate "2009.01.27"]
[EventType "tourn"]
[EventRounds "9"]
[EventCountry "CAN"]
[SourceTitle "EXT 2011"]
[Source "ChessBase"]
[SourceDate "2011.11.26"]
[SourceVersion "1"]
[SourceVersionDate "2011.11.26"]
[SourceQuality "1"]

1. e4 e5 2. Nf3 Nc6 3. Nc3 Nf6 4. Bc4 Bc5 5. O-O O-O 6. h3 d6 7. d3 h6 8. a3 Bb6 9. Ba2 Ne7 10. Na4 Ng6 11. Nxb6 axb6 12. Be3 Be6 13. c4 Qd7 14. Kh2 b5 15. Nd2 bxc4 16. Bxc4 Bxc4 17. dxc4 Qc6 18. f3 Rfd8 19. Rc1 Qd7 20. g3 c6 21. Nb3 Qe7 22. Qe2 Nf8 23. Rcd1 c5 24. Qd2 Ne6 25. Qd3 Nd4 26. Nxd4 exd4 27. Bc1 Nd7 28. f4 Re8 29. Rde1 f5 30. e5 Qf7 31. exd6 Re6 32. Bd2 Rae8 33. Rxe6 Rxe6 34. g4 fxg4 35. hxg4 Qe8 36. Rf2 Nf6 37. Rg2 Rxd6 38. b4 b6 39. bxc5 bxc5 40. Qf5 Qe6 41. Qxc5 Nxg4+ 42. Rxg4 Qxg4 43. Qxd6 Qe2+ 44. Kg3 Qxd2 45. Qe6+ Kh7 46. Qe4+ Kh8 47. Qe8+ Kh7 1/2-1/2

[Event "Toronto-A2"]
[Site "Toronto"]
[Date "2009.01.27"]
[Round "1"]
[White "Henry, Liam"]
[Black "Peng, David Yu"]
[Result "0-1"]
[WhiteElo "2242"]
[BlackElo "2372"]
[PlyCount "80"]
[GameId "2160767910264945"]
[EventDate "2009.01.27"]
[EventType "tourn"]
[EventRounds "9"]
[EventCountry "CAN"]
[SourceTitle "EXT 2011"]
[Source "ChessBase"]
[SourceDate "2011.11.26"]
[SourceVersion "1"]
[SourceVersionDate "2011.11.26"]
[SourceQuality "1"]

1. e4 e6 2. d4 d5 3. Nc3 Bb4 4. e5 c5 5. a3 Bxc3+ 6. bxc3 Ne7 7. a4 Nbc6 8. Nf3 Bd7 9. Bd3 Qa5 10. Bd2 c4 11. Be2 f6 12. O-O Ng6 13. Re1 O-O-O 14. Bf1 Rhg8 15. g3 Rde8 16. Re2 Nh8 17. Qe1 f5 18. Bc1 Nf7 19. Ba3 g5 20. Bb4 Qd8 21. Qb1 Rg6 22. Qb2 Nxb4 23. Qxb4 Bc6 24. Ree1 g4 25. Nd2 Qg5 26. Red1 f4 27. Rab1 fxg3 28. hxg3 a6 29. Bg2 Qe7 30. Qb6 Qc7 31. Qa7 Nd8 32. Rb4 h5 33. Rdb1 h4 34. Rb6 h3 35. Bh1 h2+ 36. Kf1 Rf8 37. Qa8+ Kd7 38. Nxc4 dxc4 39. Rxc6 bxc6 40. Rb8 Rg7 0-1

[Event "Toronto-A2"]
[Site "Toronto"]
[Date "2009.02.03"]
[Round "2"]
[White "Kimelman, Michael"]
[Black "Derraugh, Geordie"]
[Result "1-0"]
[WhiteElo "2273"]
[BlackElo "2090"]
[PlyCount "95"]
[GameId "2160767910264947"]
[EventDate "2009.01.27"]
[EventType "tourn"]
[EventRounds "9"]
[EventCountry "CAN"]
[SourceTitle "EXT 2011"]
[Source "ChessBase"]
[SourceDate "2011.11.26"]
[SourceVersion "1"]
[SourceVersionDate "2011.11.26"]
[SourceQuality "1"]

1. e4 e5 2. Nf3 Nc6 3. d4 exd4 4. Nxd4 Bc5 5. Be3 Qf6 6. c3 Nge7 7. Bc4 Ne5 8. Be2 Qg6 9. O-O O-O 10. Nf5 Nxf5 11. Bxc5 Nh4 12. g3 d6 13. Bd4 Bh3 14. Nd2 Bxf1 15. Kxf1 Qh6 16. Be3 Qf6 17. gxh4 Qxh4 18. Kg1 Ng6 19. f3 Nf4 20. Kh1 Rae8 21. Bc4 d5 22. Qe1 Qf6 23. Bb3 b6 24. Qg3 Nd3 25. Rg1 c5 26. Bg5 Qg6 27. Bxd5 Kh8 28. f4 f6 29. Qxd3 fxg5 30. Rxg5 Qf6 31. Rg4 h5 32. Qh3 Qh6 33. Rg5 g6 34. Qg3 Kh7 35. Nf3 Rf6 36. Ne5 Re7 37. h4 Rg7 38. Kh2 Rf8 39. Kh3 Rf6 40. f5 gxf5 41. exf5 Kh8 42. Ng6+ Kh7 43. Qb8 Rgxg6 44. fxg6+ Rxg6 45. Be4 Qg7 46. Bxg6+ Kh6 47. Rxh5+ Kxg6 48. Rg5+ 1-0

[Event "Toronto-A2"]
[Site "Toronto"]
[Date "2009.02.03"]
[Round "2"]
[White "Peng, David Yu"]
[Black "Gusev, Nikita"]
[Result "0-1"]
[WhiteElo "2372"]
[BlackElo "2051"]
[PlyCount "78"]
[GameId "2160767910264948"]
[EventDate "2009.01.27"]
[EventType "tourn"]
[EventRounds "9"]
[EventCountry "CAN"]
[SourceTitle "EXT 2011"]
[Source "ChessBase"]
[SourceDate "2011.11.26"]
[SourceVersion "1"]
[SourceVersionDate "2011.11.26"]
[SourceQuality "1"]

1. f4 d5 2. Nf3 Nf6 3. g3 Bf5 4. Bg2 e6 5. O-O Be7 6. d3 O-O 7. h3 c5 8. Qe1 Nc6 9. c3 Bg6 10. g4 c4 11. Nh4 cxd3 12. Nxg6 Bc5+ 13. e3 hxg6 14. Qd2 Ne4 15. Qxd3 f5 16. Nd2 Qb6 17. Nb3 a5 18. Nd4 Bxd4 19. exd4 a4 20. Qe2 a3 21. Bxe4 axb2 22. Bxb2 fxe4 23. a4 Qa6 24. Qf2 Qd3 25. Kh2 e5 26. Rad1 Rxf4 27. Qxf4 exf4 28. Rxd3 exd3 29. Rxf4 Re8 30. Rf2 Re2 31. Kg2 d2 32. Rxe2 d1=Q 33. Rf2 Na5 34. Ba3 Nc4 35. Bb4 Qxa4 36. Rf8+ Kh7 37. Rf7 Qc2+ 38. Kg3 Qd3+ 39. Kh4 g5+ 0-1

[Event "Toronto-A2"]
[Site "Toronto"]
[Date "2009.02.03"]
[Round "2"]
[White "Sapozhnikov, Roman"]
[Black "Barron, Michael"]
[Result "1-0"]
[WhiteElo "2274"]
[BlackElo "2344"]
[PlyCount "57"]
[GameId "2160767910264949"]
[EventDate "2009.01.27"]
[EventType "tourn"]
[EventRounds "9"]
[EventCountry "CAN"]
[SourceTitle "EXT 2011"]
[Source "ChessBase"]
[SourceDate "2011.11.26"]
[SourceVersion "1"]
[SourceVersionDate "2011.11.26"]
[SourceQuality "1"]

1. e4 e5 2. Nf3 Nc6 3. Bb5 a6 4. Ba4 Nf6 5. O-O Be7 6. Re1 b5 7. Bb3 O-O 8. c3 d6 9. h3 Na5 10. Bc2 c5 11. d4 Qc7 12. Nbd2 g6 13. Nf1 Nh5 14. Bh6 Re8 15. Ne3 Be6 16. dxe5 dxe5 17. Nd5 Bxd5 18. exd5 Bd6 19. Ng5 Nf6 20. Qf3 Qe7 21. b3 c4 22. b4 Nb7 23. a4 a5 24. bxa5 b4 25. cxb4 Bxb4 26. Rab1 Bxe1 27. Rxb7 Nd7 28. Rxd7 Qxd7 29. Qf6 1-0

[Event "Toronto-A2"]
[Site "Toronto"]
[Date "2009.02.09"]
[Round "3"]
[White "Barron, Michael"]
[Black "Henry, Liam"]
[Result "1/2-1/2"]
[WhiteElo "2344"]
[BlackElo "2242"]
[PlyCount "133"]
[GameId "2160767910264950"]
[EventDate "2009.01.27"]
[EventType "tourn"]
[EventRounds "9"]
[EventCountry "CAN"]
[SourceTitle "EXT 2011"]
[Source "ChessBase"]
[SourceDate "2011.11.26"]
[SourceVersion "1"]
[SourceVersionDate "2011.11.26"]
[SourceQuality "1"]

1. e4 c5 2. Nf3 d6 3. d4 cxd4 4. Nxd4 Nf6 5. Nc3 a6 6. Be2 e5 7. Nb3 Be7 8. O-O O-O 9. a4 Nc6 10. Kh1 Be6 11. f4 exf4 12. Bxf4 Rc8 13. Bf3 Ne8 14. Nd5 Bg5 15. Qd2 Bxf4 16. Qxf4 Bxd5 17. exd5 Ne5 18. Nd4 Qf6 19. Qe4 Qg5 20. c3 Nf6 21. Qc2 Nxf3 22. Rxf3 Qxd5 23. Rd1 Rfe8 24. h3 Re5 25. Rfd3 Qe4 26. Qd2 d5 27. Nf3 Ree8 28. Rd4 Qg6 29. Nh4 Qh5 30. Rf1 Re2 31. Qf4 Rxb2 32. Nf5 Re8 33. Qg3 Qg6 34. Rg4 Rb1 35. Rxb1 Qxf5 36. Rxg7+ Kh8 37. Rxb7 Ne4 38. Qf3 Nf2+ 39. Kg1 Qxf3 40. gxf3 Nxh3+ 41. Kh2 Kxg7 42. Kxh3 Re3 43. Kg3 Rxc3 44. Rb6 a5 45. Rb5 d4 46. Rxa5 Rc4 47. Ra8 Kf6 48. a5 Kf5 49. a6 Ra4 50. a7 f6 51. Rd8 Rxa7 52. Rxd4 Rg7+ 53. Kf2 h5 54. Rd5+ Kg6 55. Kg3 Re7 56. Ra5 Re5 57. Ra4 Rc5 58. Rb4 Kg5 59. Ra4 Rc3 60. Ra5+ f5 61. Ra4 Re3 62. Rb4 Re6 63. f4+ Kg6 64. Kh4 Kh6 65. Rb5 Rf6 66. Ra5 Kg6 67. Rb5 1/2-1/2

[Event "Toronto-A2"]
[Site "Toronto"]
[Date "2009.02.09"]
[Round "3"]
[White "Calugar, Arthur"]
[Black "Gusev, Nikita"]
[Result "1-0"]
[WhiteElo "2226"]
[BlackElo "2051"]
[PlyCount "77"]
[GameId "2160767910264951"]
[EventDate "2009.01.27"]
[EventType "tourn"]
[EventRounds "9"]
[EventCountry "CAN"]
[SourceTitle "EXT 2011"]
[Source "ChessBase"]
[SourceDate "2011.11.26"]
[SourceVersion "1"]
[SourceVersionDate "2011.11.26"]
[SourceQuality "1"]

1. Nf3 d5 2. b3 Nf6 3. Bb2 Bf5 4. g3 e6 5. Bg2 Be7 6. c4 h6 7. O-O O-O 8. Ne5 a5 9. cxd5 exd5 10. Nc3 c6 11. d4 Bh7 12. Qd2 Nbd7 13. f4 Bb4 14. a3 Ne4 15. Bxe4 Nxe5 16. Bxh7+ Kxh7 17. fxe5 Be7 18. e4 Bg5 19. Qe2 Qb6 20. exd5 Qxd4+ 21. Kh1 Qb6 22. Qc2+ Kg8 23. d6 Qc5 24. Qe4 Rae8 25. Na4 Qb5 26. Qc4 Qxc4 27. bxc4 b5 28. cxb5 cxb5 29. Nb6 Re6 30. Rad1 Rb8 31. Nd5 Bd8 32. Nc7 Rg6 33. Rfe1 Kh7 34. e6 fxe6 35. Nxe6 Kg8 36. d7 Kf7 37. Be5 Ra8 38. Nxd8+ Rxd8 39. Bc7 1-0

[Event "Toronto-A2"]
[Site "Toronto"]
[Date "2009.02.09"]
[Round "3"]
[White "Frilles, Ruperto"]
[Black "Kimelman, Michael"]
[Result "1-0"]
[WhiteElo "2096"]
[BlackElo "2273"]
[PlyCount "75"]
[GameId "2160767910264952"]
[EventDate "2009.01.27"]
[EventType "tourn"]
[EventRounds "9"]
[EventCountry "CAN"]
[SourceTitle "EXT 2011"]
[Source "ChessBase"]
[SourceDate "2011.11.26"]
[SourceVersion "1"]
[SourceVersionDate "2011.11.26"]
[SourceQuality "1"]

1. e4 c5 2. c4 Nc6 3. Nc3 e6 4. g3 Nf6 5. Bg2 Be7 6. d3 d6 7. Nge2 Qc7 8. O-O b6 9. h3 Bb7 10. a3 Rd8 11. f4 O-O 12. b3 Rd7 13. Bb2 Rfd8 14. f5 exf5 15. Rxf5 a6 16. Rb1 Ba8 17. Qf1 Ne5 18. Nf4 b5 19. cxb5 Qa7 20. b6 Qxb6 21. Rxf6 Bxf6 22. Ncd5 Bxd5 23. Nxd5 Qa5 24. Nxf6+ gxf6 25. Qxf6 Qd2 26. Bxe5 dxe5 27. Rf1 Qxd3 28. Qg5+ Kf8 29. Qh6+ Ke8 30. Qg7 Re7 31. h4 Qe3+ 32. Kh2 Rd2 33. Qg8+ Kd7 34. Rxf7 Qh6 35. Rf8 Kc7 36. Rb8 Qe6 37. Qh8 Rb2 38. Qd8+ 1-0

[Event "Toronto-A2"]
[Site "Toronto"]
[Date "2009.02.09"]
[Round "3"]
[White "Sapozhnikov, Roman"]
[Black "Peng, David Yu"]
[Result "1/2-1/2"]
[WhiteElo "2274"]
[BlackElo "2372"]
[PlyCount "55"]
[GameId "2160767910264953"]
[EventDate "2009.01.27"]
[EventType "tourn"]
[EventRounds "9"]
[EventCountry "CAN"]
[SourceTitle "EXT 2011"]
[Source "ChessBase"]
[SourceDate "2011.11.26"]
[SourceVersion "1"]
[SourceVersionDate "2011.11.26"]
[SourceQuality "1"]

1. e4 c5 2. Nf3 d6 3. d4 cxd4 4. Nxd4 Nf6 5. Nc3 a6 6. Bg5 e6 7. f4 Be7 8. Qf3 Qa5 9. O-O-O Bd7 10. Bd3 Nc6 11. Nb3 Qc7 12. Rhe1 Rc8 13. Kb1 b5 14. Nd5 exd5 15. exd5 Bg4 16. Qg3 Bxd1 17. Bxf6 Nb4 18. Qxg7 Bxc2+ 19. Ka1 Rf8 20. Bxe7 Qxe7 21. Rxe7+ Kxe7 22. Bxc2 Rxc2 23. a3 Nxd5 24. Qg5+ Nf6 25. Nd4 Rc5 26. Nf5+ Ke6 27. Nd4+ Ke7 28. Nf5+ 1/2-1/2

[Event "Toronto-A2"]
[Site "Toronto"]
[Date "2009.02.17"]
[Round "4"]
[White "Gusev, Nikita"]
[Black "Derraugh, Geordie"]
[Result "1-0"]
[WhiteElo "2051"]
[BlackElo "2090"]
[PlyCount "59"]
[GameId "2160767910264954"]
[EventDate "2009.01.27"]
[EventType "tourn"]
[EventRounds "9"]
[EventCountry "CAN"]
[SourceTitle "EXT 2011"]
[Source "ChessBase"]
[SourceDate "2011.11.26"]
[SourceVersion "1"]
[SourceVersionDate "2011.11.26"]
[SourceQuality "1"]

1. e4 e5 2. Nf3 Nc6 3. Bb5 a5 4. O-O Na7 5. Bc4 b5 6. Bxf7+ Kxf7 7. Nxe5+ Ke7 8. d4 d6 9. Bg5+ Nf6 10. f4 Ke8 11. Nc3 Be7 12. Nd3 c6 13. e5 dxe5 14. dxe5 Qd4+ 15. Kh1 Ng4 16. Qf3 Rb8 17. Bxe7 Kxe7 18. f5 Rf8 19. Ne2 Qc4 20. b3 Qxc2 21. Nd4 Qc3 22. Qxg4 Qxd3 23. Qxg7+ Rf7 24. f6+ Ke8 25. Qg8+ Rf8 26. f7+ Ke7 27. Qg5+ Kd7 28. Rad1 h6 29. e6+ Kc7 30. Qe5+ 1-0

[Event "Toronto-A2"]
[Site "Toronto"]
[Date "2009.02.17"]
[Round "4"]
[White "Henry, Liam"]
[Black "Sapozhnikov, Roman"]
[Result "1-0"]
[WhiteElo "2242"]
[BlackElo "2274"]
[PlyCount "89"]
[GameId "2160767910264955"]
[EventDate "2009.01.27"]
[EventType "tourn"]
[EventRounds "9"]
[EventCountry "CAN"]
[SourceTitle "EXT 2011"]
[Source "ChessBase"]
[SourceDate "2011.11.26"]
[SourceVersion "1"]
[SourceVersionDate "2011.11.26"]
[SourceQuality "1"]

1. e4 e5 2. Nf3 Nc6 3. Bb5 Nf6 4. O-O Nxe4 5. d4 Nd6 6. Bxc6 dxc6 7. dxe5 Nf5 8. Qxd8+ Kxd8 9. Nc3 Ke8 10. h3 Be7 11. g4 Nh4 12. Nxh4 Bxh4 13. Rd1 h5 14. f3 Be7 15. Kg2 a5 16. Bf4 Be6 17. a3 Rd8 18. Rxd8+ Kxd8 19. Rd1+ Kc8 20. Be3 hxg4 21. hxg4 Rd8 22. Rxd8+ Kxd8 23. Kg3 b6 24. f4 f5 25. exf6 gxf6 26. f5 Bd7 27. Bf4 Bc8 28. Kh4 Bd7 29. Kh5 Be8+ 30. Kh6 Bf7 31. Kg7 Bd5 32. Nxd5 cxd5 33. Kf7 c5 34. Ke6 d4 35. a4 c4 36. Kd5 d3 37. c3 Kd7 38. Kxc4 Kc6 39. Kxd3 Kd5 40. Be3 Bd8 41. Bd4 Kd6 42. Kc4 Kc6 43. b4 axb4 44. cxb4 Be7 45. b5+ 1-0

[Event "Toronto-A2"]
[Site "Toronto"]
[Date "2009.02.17"]
[Round "4"]
[White "Kimelman, Michael"]
[Black "Barron, Michael"]
[Result "0-1"]
[WhiteElo "2273"]
[BlackElo "2344"]
[PlyCount "40"]
[GameId "2160767910264956"]
[EventDate "2009.01.27"]
[EventType "tourn"]
[EventRounds "9"]
[EventCountry "CAN"]
[SourceTitle "EXT 2011"]
[Source "ChessBase"]
[SourceDate "2011.11.26"]
[SourceVersion "1"]
[SourceVersionDate "2011.11.26"]
[SourceQuality "1"]

1. e4 e5 2. Nf3 Nc6 3. d4 exd4 4. Bc4 Bc5 5. c3 Nf6 6. cxd4 Bb4+ 7. Nc3 Nxe4 8. O-O Bxc3 9. d5 Bf6 10. Re1 Ne7 11. Rxe4 d6 12. Bg5 Bxg5 13. Nxg5 h6 14. Qh5 O-O 15. Rae1 Ng6 16. Nxf7 Qf6 17. Re6 Qxf7 18. Qxg6 Bxe6 19. Qxe6 Rae8 20. Re2 Rxe6 0-1

[Event "Toronto-A2"]
[Site "Toronto"]
[Date "2009.02.17"]
[Round "4"]
[White "Peng, David Yu"]
[Black "Calugar, Arthur"]
[Result "1-0"]
[WhiteElo "2372"]
[BlackElo "2226"]
[PlyCount "87"]
[GameId "2160767910264957"]
[EventDate "2009.01.27"]
[EventType "tourn"]
[EventRounds "9"]
[EventCountry "CAN"]
[SourceTitle "EXT 2011"]
[Source "ChessBase"]
[SourceDate "2011.11.26"]
[SourceVersion "1"]
[SourceVersionDate "2011.11.26"]
[SourceQuality "1"]

1. e4 c5 2. Nf3 Nc6 3. d4 cxd4 4. Nxd4 Nf6 5. Nc3 d6 6. f3 e5 7. Nb3 Be7 8. Be3 O-O 9. Qd2 a5 10. Bb5 Be6 11. O-O-O Nb4 12. a3 Na6 13. Qe2 Nc7 14. Nc5 Nxb5 15. Nxb5 Bc8 16. Kb1 Rb8 17. Na4 b6 18. Qf2 Bd7 19. c4 Bxb5 20. cxb5 Nd7 21. g4 Nc5 22. Nc3 Qc8 23. Nd5 Qd7 24. h4 Rfe8 25. Qe2 Bf8 26. h5 Rec8 27. h6 Qe6 28. hxg7 Bxg7 29. Qh2 h6 30. Bxh6 Bxh6 31. Qxh6 Qxh6 32. Rxh6 Kg7 33. Rdh1 Rh8 34. Rxh8 Rxh8 35. Rxh8 Kxh8 36. Nxb6 Kg7 37. Nc4 Nb7 38. b4 a4 39. Kc2 Kf6 40. Kd3 Ke6 41. Nb6 f6 42. Nxa4 Nd8 43. Nc3 Kd7 44. Nd5 1-0

[Event "Toronto-A2"]
[Site "Toronto"]
[Date "2009.02.24"]
[Round "5"]
[White "Barron, Michael"]
[Black "Peng, David Yu"]
[Result "1/2-1/2"]
[WhiteElo "2344"]
[BlackElo "2372"]
[PlyCount "105"]
[GameId "2160767910264958"]
[EventDate "2009.01.27"]
[EventType "tourn"]
[EventRounds "9"]
[EventCountry "CAN"]
[SourceTitle "EXT 2011"]
[Source "ChessBase"]
[SourceDate "2011.11.26"]
[SourceVersion "1"]
[SourceVersionDate "2011.11.26"]
[SourceQuality "1"]

1. e4 c5 2. Nf3 d6 3. d4 Nf6 4. Nc3 cxd4 5. Nxd4 Nc6 6. Be2 e5 7. Nb3 Be7 8. O-O O-O 9. Kh1 a5 10. a4 Nb4 11. f4 d5 12. fxe5 Nxe4 13. Nd4 Bc5 14. Nxe4 dxe4 15. c3 Bxd4 16. cxd4 Be6 17. Ra3 f5 18. exf6 Rxf6 19. Rg3 h6 20. Rf4 Bd5 21. Rfg4 Qc7 22. Be3 Raf8 23. Rxg7+ Qxg7 24. Rxg7+ Kxg7 25. h3 Kh7 26. Kh2 Rc8 27. Bh5 Rc7 28. Qe1 Rg7 29. Qh4 Rc6 30. Be8 Rc2 31. Qxh6+ Kg8 32. Bg6 Rc6 33. Bh7+ Rxh7 34. Qg5+ Rg7 35. Qd8+ Kf7 36. Qd7+ Kf6 37. Qd8+ Ke6 38. Bg5 Kf5 39. g4+ Kg6 40. h4 Kh7 41. Kg3 Rf7 42. h5 e3 43. Qxa5 Rc4 44. b3 Rxd4 45. Bxe3 Rf3+ 46. Kh4 Rxe3 47. Qc7+ Kg8 48. Qd8+ Kf7 49. Qd7+ Re7 50. Qf5+ Ke8 51. Qc8+ Kf7 52. Qf5+ Ke8 53. Qc8+ 1/2-1/2

[Event "Toronto-A2"]
[Site "Toronto"]
[Date "2009.02.24"]
[Round "5"]
[White "Calugar, Arthur"]
[Black "Kimelman, Michael"]
[Result "0-1"]
[WhiteElo "2226"]
[BlackElo "2273"]
[PlyCount "118"]
[GameId "2160767910264959"]
[EventDate "2009.01.27"]
[EventType "tourn"]
[EventRounds "9"]
[EventCountry "CAN"]
[SourceTitle "EXT 2011"]
[Source "ChessBase"]
[SourceDate "2011.11.26"]
[SourceVersion "1"]
[SourceVersionDate "2011.11.26"]
[SourceQuality "1"]

1. Nf3 Nf6 2. c4 e6 3. Nc3 Bb4 4. Qc2 O-O 5. a3 Bxc3 6. Qxc3 d6 7. d4 Nbd7 8. g3 b6 9. Bg2 Bb7 10. b4 a5 11. Bb2 Qe7 12. O-O Ne4 13. Qc2 f5 14. Rfc1 Rab8 15. bxa5 bxa5 16. a4 c5 17. dxc5 Ndxc5 18. Nd4 Nxf2 19. Kxf2 Bxg2 20. Kxg2 Qb7+ 21. Kg1 Qxb2 22. Nc6 Qxc2 23. Rxc2 Rb6 24. Nd4 Rb4 25. Nb5 Ne4 26. Rd1 Rxa4 27. Nxd6 Nc5 28. Nb5 Rc8 29. Na7 Ra8 30. Nc6 Kf7 31. Ne5+ Ke7 32. Rb2 Kf6 33. Nd7+ Nxd7 34. Rxd7 Rxc4 35. Rbb7 a4 36. Rf7+ Ke5 37. Ra7 Rcc8 38. Rfc7 Rxc7 39. Rxa8 Rc4 40. Rd8 a3 41. Ra8 Rc3 42. Ra4 g5 43. Kf2 h5 44. Ke1 f4 45. gxf4+ gxf4 46. h4 Kf5 47. Kf2 Kg4 48. Re4 Re3 49. Rc4 e5 50. Rc8 Kxh4 51. Rg8 Rb3 52. Rg7 a2 53. Ra7 Rb2 54. Kf3 Kg5 55. Ra6 Kf5 56. Ra5 h4 57. Ra8 h3 58. Rf8+ Ke6 59. Re8+ Kf7 0-1

[Event "Toronto-A2"]
[Site "Toronto"]
[Date "2009.02.24"]
[Round "5"]
[White "Derraugh, Geordie"]
[Black "Henry, Liam"]
[Result "1/2-1/2"]
[WhiteElo "2090"]
[BlackElo "2242"]
[PlyCount "92"]
[GameId "2160767910264960"]
[EventDate "2009.01.27"]
[EventType "tourn"]
[EventRounds "9"]
[EventCountry "CAN"]
[SourceTitle "EXT 2011"]
[Source "ChessBase"]
[SourceDate "2011.11.26"]
[SourceVersion "1"]
[SourceVersionDate "2011.11.26"]
[SourceQuality "1"]

1. e4 c5 2. Nf3 d6 3. d4 cxd4 4. Nxd4 Nf6 5. Nc3 a6 6. Be2 e5 7. Nb3 Be7 8. O-O O-O 9. f4 b5 10. Bf3 Bb7 11. Kh1 b4 12. Nd5 Bxd5 13. exd5 e4 14. Be2 Nbd7 15. Nd4 Nb6 16. Nc6 Qc7 17. Nxb4 a5 18. Nc6 Nbxd5 19. Nxe7+ Nxe7 20. c4 Rfd8 21. Qe1 d5 22. cxd5 Nexd5 23. b3 Qd6 24. Qg3 a4 25. Bb2 axb3 26. axb3 Rxa1 27. Bxa1 Nb4 28. Be5 Qc6 29. Bc4 Nd3 30. h3 Rd7 31. Bb5 Qxb5 32. Bxf6 g6 33. f5 Rb7 34. Qh4 Qb4 35. Ba1 Qe7 36. Bf6 Qb4 37. fxg6 fxg6 38. Bc3 Qe7 39. Qg4 Rb8 40. Bf6 Qe8 41. Qg5 Qf7 42. Ra1 Rf8 43. Bd4 Nf2+ 44. Bxf2 Qxf2 45. Qd5+ Qf7 46. Qxe4 Qxb3 1/2-1/2

[Event "Toronto-A2"]
[Site "Toronto"]
[Date "2009.02.24"]
[Round "5"]
[White "Frilles, Ruperto"]
[Black "Sapozhnikov, Roman"]
[Result "0-1"]
[WhiteElo "2096"]
[BlackElo "2274"]
[PlyCount "72"]
[GameId "2160767910264961"]
[EventDate "2009.01.27"]
[EventType "tourn"]
[EventRounds "9"]
[EventCountry "CAN"]
[SourceTitle "EXT 2011"]
[Source "ChessBase"]
[SourceDate "2011.11.26"]
[SourceVersion "1"]
[SourceVersionDate "2011.11.26"]
[SourceQuality "1"]

1. c4 g6 2. Nc3 Bg7 3. g3 Nf6 4. Bg2 O-O 5. d3 d6 6. e4 c5 7. Nge2 Nc6 8. O-O Bg4 9. h3 Bxe2 10. Nxe2 Nd7 11. Rb1 Rb8 12. f4 Qc7 13. Kh2 b5 14. b3 bxc4 15. dxc4 a5 16. Bd2 Nd4 17. Nxd4 cxd4 18. Qe1 a4 19. e5 dxe5 20. f5 gxf5 21. Rxf5 e6 22. Rf1 f5 23. Bb4 Rf7 24. Bf3 e4 25. Bh5 Rf6 26. bxa4 Rh6 27. Bd1 Ne5 28. Ba5 Qc8 29. Rxb8 Qxb8 30. c5 Nd3 31. Qe2 Rg6 32. Rg1 Be5 33. c6 Bxg3+ 34. Kh1 Nf2+ 35. Qxf2 Bxf2 36. Rxg6+ hxg6 0-1